Das Casseler Bürgerbach (1520 bis 1699) (Record no. 23863)
[ view plain ]
| 000 -LEADER | |
|---|---|
| fixed length control field | 00876cam a22002291 4500 |
| 001 - CONTROL NUMBER | |
| control field | g 01001878 |
| 003 - CONTROL NUMBER IDENTIFIER | |
| control field | DLC |
| 005 - DATE AND TIME OF LATEST TRANSACTION | |
| control field | 20260227111256.0 |
| 008 - FIXED-LENGTH DATA ELEMENTS--GENERAL INFORMATION | |
| fixed length control field | 921016s1895 gw j 000 0 ger |
| 010 ## - LIBRARY OF CONGRESS CONTROL NUMBER | |
| LC control number | g 01001878 |
| 035 ## - SYSTEM CONTROL NUMBER | |
| System control number | (OCoLC)26795774 |
| 040 ## - CATALOGING SOURCE | |
| Original cataloging agency | DLC |
| Transcribing agency | CLU |
| Modifying agency | CLU |
| -- | DLC |
| 042 ## - AUTHENTICATION CODE | |
| Authentication code | premarc |
| 050 00 - LIBRARY OF CONGRESS CALL NUMBER | |
| Classification number | DD491.H6 |
| Item number | V3 n. F., Bd. 11 Suppl. |
| 110 1# - MAIN ENTRY--CORPORATE NAME | |
| Corporate name or jurisdiction name as entry element | Kassel (Germany) |
| 245 14 - TITLE STATEMENT | |
| Title | Das Casseler Bürgerbach (1520 bis 1699) |
| Statement of responsibility, etc. | Nach dem Originale des Casseler Stadtarchivs hrsg. und mit Anmerkungen versehen von Franz Gundlach. |
| 260 ## - PUBLICATION, DISTRIBUTION, ETC. | |
| Place of publication, distribution, etc. | Cassel, |
| Date of publication, distribution, etc. | 1895. |
| 300 ## - PHYSICAL DESCRIPTION | |
| Extent | xxi, 225 p. |
| Other physical details | geneal. tables. |
| Dimensions | 22 cm. |
| 490 1# - SERIES STATEMENT | |
| Series statement | Verein für Hessische Geschichte und Landeskunde. Zeitschrift. Suppl., n.F., |
| Volume/sequential designation | 11 |
| 700 1# - ADDED ENTRY--PERSONAL NAME | |
| Personal name | Gundlach, Franz, |
| Dates associated with a name | 1871- |
| Relator term | ed. |
| 810 2# - SERIES ADDED ENTRY--CORPORATE NAME | |
| Corporate name or jurisdiction name as entry element | Verein für Hessische Geschichte und Landeskunde. |
| Title of a work | Zeitschrift. |
| Name of part/section of a work | Supplement. |
| Number of part/section/meeting | ser. 2 ; |
| Volume/sequential designation | v. 11. |
No items available.